000 00304nam a2200109Ia 4500
001 1276011
005 20260417160439.0
008 260417s9999 xx 000 0 und d
020 _a9786256309883
245 0 _aMinik Kâşifler için Hayat Bilgisi - Zıtlıklar
_cMukaddes Kutlu
260 _bKetebe Çocuk
999 _c1276011
_d1276011